000 00478nam a2200133Ia 4500
008 181023s9999 xx 000 0 und d
020 _a9781259859175
100 _aPower, Rhett.
245 _cRhett Power.--
_aThe entrepeneur's book of actions :
_bessential daily exercises and habits for becoming wealthier, smarter and more successful /
260 _aNew York :
_bMcGraw Hill
_c2017
300 _axi, 288 pages.
650 _aEntrepreneurship.
650 _aSuccess in business.
999 _c359313
_d359313